Least Visited States - Statistics

General Stats
  • This quiz has been taken 39 times
  • The average score is 10 of 12
Answer Stats
Visits State % Correct
24.0 North Dakota
100%
16.0 Iowa
94%
25.8 Arkansas
91%
12.8 Vermont
84%
15.2 West Virginia
84%
24.3 Alabama
81%
19.1 Nebraska
81%
10.1 Wyoming
81%
7.3 Delaware
78%
22.0 Mississippi
78%
19.2 Rhode Island
78%
11.0 Montana
75%
No matching quizzes found
Score Distribution
Percent of People with Each Score
Percentile by Number Answered
Your Score History
You have not taken this quiz